<?xml version="1.0" encoding="UTF-8"?>
<collection xmlns="http://www.loc.gov/MARC21/slim">
 <record>
  <leader>00640cam a2200193 7i4500</leader>
  <controlfield tag="001">0000010712</controlfield>
  <controlfield tag="005">20150325090000.0</controlfield>
  <controlfield tag="003">  iicp-my</controlfield>
  <controlfield tag="005">  20030722113500.0</controlfield>
  <controlfield tag="008">030722                       000 0 eng d</controlfield>
  <datafield tag="020" ind1=" " ind2=" ">
   <subfield code="a">9679927911 </subfield>
  </datafield>
  <datafield tag="039" ind1=" " ind2="9">
   <subfield code="a">200307221135</subfield>
   <subfield code="b">Yusnizam</subfield>
   <subfield code="y">200307221125</subfield>
   <subfield code="z">Yusnizam</subfield>
  </datafield>
  <datafield tag="090" ind1="0" ind2="0">
   <subfield code="a">382.495 </subfield>
   <subfield code="b">GER</subfield>
  </datafield>
  <datafield tag="100" ind1="1" ind2=" ">
   <subfield code="a">Gerrard, </subfield>
   <subfield code="d">P. </subfield>
  </datafield>
  <datafield tag="245" ind1="0" ind2="0">
   <subfield code="a">Diploma in banking and financial service : </subfield>
   <subfield code="b">study manual; international trade finance  </subfield>
   <subfield code="c">by P. Gerrard.</subfield>
  </datafield>
  <datafield tag="260" ind1=" " ind2=" ">
   <subfield code="a">Kuala Lumpur: </subfield>
   <subfield code="b">Institut Bank-bank Malaysia, </subfield>
   <subfield code="c">1997.</subfield>
  </datafield>
  <datafield tag="300" ind1=" " ind2=" ">
   <subfield code="a">p.;; </subfield>
   <subfield code="c">cm..</subfield>
  </datafield>
  <datafield tag="650" ind1=" " ind2="0">
   <subfield code="a">International finance. </subfield>
  </datafield>
  <datafield tag="999" ind1=" " ind2=" ">
   <subfield code="a">1000018036</subfield>
   <subfield code="b">Book</subfield>
   <subfield code="c">Yellow Spot</subfield>
  </datafield>
 </record>
</collection>
